Argentina. La guerra no declarada
Պահպանված է:
| Ձևաչափ: | Տեքստ |
|---|---|
| Ցուցիչներ: |
Ավելացրեք ցուցիչ
Չկան պիտակներ, Եղեք առաջինը, ով նշում է այս գրառումը!
|
MARC
| LEADER | 00000 a a2200000 04500 | ||
|---|---|---|---|
| 001 | 3270 | ||
| 003 | |||
| 040 | |||
| 245 | |a Argentina. La guerra no declarada | ||
| 773 | |g volumen 32, número 6; páginas 631-636 | ||
| 999 | |c 30964 |d 30964 | ||
